000 00825nam a2200253Ia 4500
003 OSt
005 20220930094536.0
006 a|||||r|||| 00| 0
007 ta
008 220926b |||||||| |||| 00| 0 eng d
024 _a72149
037 _cTheses
040 _aCRL
_cCRL
_beng
041 _2eng
_aeng
100 _aYadav Neetu Au.
_9555823
110 _aUniversity of Delhi. Faculty of Science. Department of Physics & Astrophysics
_9543287
245 0 _aGel polymer electrolytes for application in quasi-solid-state carbon supercapacitors
260 _c247p
650 _aPhysics
700 _a Hashmi S A Gu.
_9544772
700 _aUniversity of Delhi. Faculty of Science. Department of Physics & Astrophysics
_9543288
942 _cDIS
_2CC
999 _c887283
_d887283